| 000 | 00507nam a2200169 i 4500 | ||
|---|---|---|---|
| 001 | 135197 | ||
| 003 | ES-MaACL | ||
| 005 | 20230906194828.0 | ||
| 007 | t| | ||
| 008 | 070711s1976 sp ||||1| spa d | ||
| 080 | _a84-400-9685-2 | ||
| 100 | 1 |
_aToca y González, Luis Antonio. _9110385 |
|
| 245 | 1 | 0 |
_aEmiliano, fiel servidor _b: yo confieso / _cLuis Antonio Toca y González. |
| 260 |
_aSantander : _bManuf. Jean, _c1976. |
||
| 300 |
_a155 p. : _bil. ; _c22 cm. |
||
| 852 |
_aES-MaACL _jA-5576 _bR.94550 |
||
| 999 |
_c135197 _d135197 |
||